• 首页
  • 本馆介绍
  • 公告通知
  • 最新文献
  • 馆藏检索
  • 电子资源
  • 读者导购
  • 参考咨询
  • 我的图书馆
  • 登录
  • 详细信息显示
  • 放入我的书架
  • 预约/预借图书
  • 作者相关作品
  • 分类相关作品
  • 丛书相关作品
  • 出版社相关作品

书目信息

  • 表格格式
  • 工作单格式
  • 卡片格式
题名:
龙之谜
    
 
作者: 扬振之 , 田利军 著
分册:  
出版信息: 成都   四川文艺出版社  1995
页数: 408页
开本: 19cm
丛书名:
单 册:
中图分类: A755 , I253 , A755
科图分类:
主题词: 报告文学--中国--现代 , 报告文学 , 毛泽东--生平事迹 , 毛泽东--传记
电子资源:
ISBN: 7-5411-0994-0
000 00975nam0 2200325 450
001 1259111959
005 20120927163043.73
010    @a7-5411-0994-0@dCNY12.80
100    @a19800101d1995 em y0chiy0110 ea
101 0  @achi
102    @aCN@b510000
105    @af z 000yb
106    @ar
200 1  @a龙之谜@Along zhi mi@e毛泽东与中国古代智慧@f扬振之,田利军著@Fyang zhen zhi,tian li jun zhu
210    @a成都@c四川文艺出版社@d1995
215    @a408页@c照片@d19cm
517 1  @a毛泽东与中国古代智慧@Amao ze dong yu zhong guo gu dai zhi hui
600  0 @a毛泽东@f(1893-1976)@x人物研究
600  0 @a毛泽东@f(1893-1976)
606 0  @a报告文学@y中国@z现代
606 0  @a报告文学
606 0  @a毛泽东@x生平事迹
606 0  @a毛泽东@x传记
690    @aA755@v三版
690    @aI253@v三版
690    @aA755@v4
701  0 @a扬振之@Ayang zhen zhi@4著
701  0 @a田利军@Atian li jun@4著
801  0 @aCN@bNLC@c19800101
905    @a10447@dA755@eJY14
    
    龙之谜:毛泽东与中国古代智慧/扬振之,田利军著.-成都:四川文艺出版社,1995
    408页:照片;19cm
    
    
    ISBN 7-5411-0994-0:CNY12.80
    
●
相关链接 在E读中查询图书 在五车中查询图书 在当当中查询图书 在豆瓣中查询图书


正题名:龙之谜     索取号:A755/JY14         预约/预借

序号 登录号 条形码 馆藏地/架位号 状态 备注
1 7814931   278149317   学院路分馆/ [索取号:A755/JY14] 在馆    
2 7814932   278149326   学院路分馆/ [索取号:A755/JY14] 在馆    
3 7814933   278149335   学院路分馆/ [索取号:A755/JY14] 在馆    
唐山师范学院图书馆 欢迎您!
大连网信软件有限公司© 版权所有